عرض عادي
عرض مارك
- الكنيست الإسرائيلي
دخول Corporate Name
001 - CONTROL NUMBER
- control field: 29917
003 - CONTROL NUMBER IDENTIFIER
- control field: AE-AdECS
005 - DATE AND TIME OF LATEST TRANSACTION
- control field: 20260514091541.0
008 - FIXED-LENGTH DATA ELEMENTS
- fixed length control field: 260514|| aca||aabn | a|a d
040 ## - CATALOGING SOURCE
- Original cataloging agency: AE-AdECS
- Transcribing agency: AE-AdECS
110 ## - HEADING--CORPORATE NAME
- Corporate name or jurisdiction name as entry element: الكنيست الإسرائيلي
670 ## - SOURCE DATA FOUND
- Source citation: Work cat.: (AE-AdECS)295113: عطية، فرناز، مؤلف. 29916, المرأة في الكنيست :
